000 00466cam a2200181ua 4500
001 1422
008 131022n ii |||gr||||Z||||||eng
020 _a81-85-319-93-6
040 _cMAIN
082 _a910.54162
100 _aHunter, w. W.,
_eAuthor.
245 _aA statistical account of assam vol-II
_cby W. W. Hunter
250 _a1st.
260 _aGuahati:
_bSpectrum Publishers,998.
300 _a490p:
_c23cm.
653 _aStatistics on Assam
942 _cBK
999 _c1313
_d1313